000
00298nam a22001337a 4500
008
170222b xxu||||| |||| 00| 0 eng d
020
_a
0808921568
041
_a
eng
080
_2
8 ED
_a
616 31
100
_a
5
101
_a
SHS
245
_a
CLINICAL PERIODONTOLOGY
_c
CARRANZA.F.A
942
_2
udc
_c
BK
999
_c
6022
_d
6022